000 00343nam a2200121Ia 4500
003 GCL
008 140319s9999 xx 000 0 ara d
040 _aGCL /
_cGCL
082 0 4 _a958.1
_bا ا
245 1 0 _aافغانستان والسيد جمال الدين الافغانى
260 _a[S.N] :
_bمكتبة الاداب ،
_c1980
490 _a
999 _c54893
_d54893